Marvel Heroes by German Names (Simple) #2 - Statistics

General Stats
  • This quiz has been taken 9 times
  • The average score is 11 of 20
Answer Stats
German Name Answer % Correct
Biest Beast
100%
Hauptmann Amerika Captain America
100%
Drax der Zerstörer Drax the Destroyer
100%
Spinne-Gwen Spider-Gwen
100%
Monddrache Moon Dragon
89%
Scharlachrote Spinne Scarlet Spider
67%
Scharlachrote Hexe Scarlet Witch
67%
Walküre Valkyrie
67%
Kanonenkugel Cannonball
56%
Magie/Zauber Magik
56%
Geschwindigkeitsball Speedball
56%
Ding Thing
56%
Schwarzer Schlag Black Bolt
44%
Rumpf Hulk
44%
Weiße Königin White Queen (Emma Frost)
44%
Feuerstern Firestar
33%
Vielfraß Wolverine
33%
Blendend Dazzler
11%
Fangschreck Mantis
11%
Schurkin Rogue
11%
No matching quizzes found
Score Distribution
Percent of People with Each Score
Percentile by Number Answered
Your Score History
You have not taken this quiz